La justificación: doctrina de Karl Barth y una interpretación católica
Guardat en:
| Autor principal: | |
|---|---|
| Format: | Llibre |
| Idioma: | espanyol |
| Publicat: |
Barcelona
Estela
1967
|
| Col·lecció: | Colección Theologia, 12
|
| Matèries: | |
| Etiquetes: |
Afegir etiqueta
Sense etiquetes, Sigues el primer a etiquetar aquest registre!
|
MARC
| LEADER | 00000nam a2200000 a 4500 | ||
|---|---|---|---|
| 001 | UCL5346 | ||
| 003 | CL-VaPUC | ||
| 008 | 040312e19670000SP |||||||||||||||||spa|d | ||
| 082 | 0 | 4 | |a 234.7 |b KUN |2 21 |
| 100 | |a Küng, Hans |e author |9 416134 | ||
| 245 | 1 | 3 | |a La justificación: doctrina de Karl Barth y una interpretación católica |
| 300 | |a 422 p | ||
| 942 | |c BK | ||
| 945 | |d 20040312 00:00:00 |a vberengu | ||
| 260 | |a Barcelona |b Estela |c 1967 | ||
| 600 | 0 | 7 | |a BARTH, KARL |2 CL-VaPUC |9 348195 |
| 650 | 7 | |a JUSTIFICACION |2 CL-VaPUC |9 330054 | |
| 583 | |a last modification |c 20040312 00:00:00 |k Rodrigo Vera | ||
| 490 | 0 | |a Colección Theologia, 12 | |
| 999 | |c 307955 |d 307953 | ||
| 952 | |0 0 |1 0 |4 0 |6 234_700000000000000_KUN_1967 |7 0 |8 A |9 374145 |a BIBTEO |b BIBTEO |d 2019-11-21 |i 210492K |o 234.7 KUN 1967 |p 210492K |r 2025-01-17 |w 2019-11-21 |y BK |k ICR | ||